| 000 | 00440nam a2200193Ia 4500 | ||
|---|---|---|---|
| 008 | 240509s9999 xx 000 0 und d | ||
| 020 | _a0000835917134 | ||
| 041 | _aEng | ||
| 082 | _a004.1 | ||
| 082 | _bS15 | ||
| 100 | _aSANDERS, William B. | ||
| 245 | 4 | _aThe elementary IBM-PC | |
| 260 | _bChatsworth, CA : Datamost | ||
| 260 | _c1984 | ||
| 300 | _a335 p. | ||
| 650 | _aPersonal Computer : IBM | ||
| 942 | _2ddc | ||
| 942 | _cLBK | ||
| 999 |
_c22353 _d22353 |
||
| 945 |
_a1 _bMadushi Gamage _c1 _dMadushi Gamage |
||